000
00237nam a2200085Ia 4500
245
0
_a
The silence of the rain
100
_a
GARCIA-ROZA, Luiz Alfredo London, 2003
_9
78273
942
_c
BK
008
210817s9999 xx 000 0 und d
999
_c
270173
_d
270172